| 000 | 00956nam a2200157 i 4500 | ||
|---|---|---|---|
| 001 | 184886 | ||
| 003 | ES-MaACL | ||
| 005 | 20230906222311.0 | ||
| 008 | 160216s1867 sp |||| | spa d | ||
| 245 | 0 | 0 | _aExposición que eleva al Excmo. Señor Presidente del Consejo de Ministros la Comisión bilbaína encargada de gestionar sobre el arreglo de tarifas de ferro-carriles e introducción de reformas marítimas en virtud del mandato que recibiera de una representación numerosísima de todas las clases sociales y productoras del Señorío de Vizcaya. |
| 260 |
_aBilbao : _b[s.n.], _c1867 ( _fImp. de R.M. y Cortázar) |
||
| 300 |
_a44 p. ; _c20 cm. |
||
| 650 | 4 |
_aFerrocarriles- _zPaís Vasco. _9150491 |
|
| 650 | 4 |
_aFerrocarriles- _zEspaña- _yS. XIX. _912762 |
|
| 852 | 4 |
_aES-MaACL _jT-89-F-16 _z- Enc. en un vol. facticio, falto de cub. original _z- En ded. ms.: Regalo de la Comisión, firmada por Camilo de Villavaso, secretario de la misma |
|
| 999 |
_c184886 _d184886 |
||